000 00705nam a2200253 a 4500
001 000022803
005 20200930021815.0
008 101118s1993 sp r 000 | spa d
020 _a8420646091
040 _aDO-SdBNP
_bspa
_cBNPHU
082 _a863.6
_bA973h
100 1 _aAyala, Francisco,
_d1906-2009
_94726
245 1 3 _aEl hechizado ; San Juan de Dios /
_cFrancisco Ayala.
246 1 1 _aSan Juan de Dios.
260 _aMadrid :
_bAlianza,
_c1993.
300 _a61 p. ;
_c15 cm.
490 1 _aAlianza cien
_v9
650 4 _aNovela espaƱola
_91123
650 4 _aLiteratura espaƱola
_9632
740 0 _aSan Juan de Dios
830 0 _aAlianza cien;
_v9
_912832
910 _aWM
049 _aBNGR
999 _c22300
_d22300